All Melodifestivalen Winners Since 2000 - Statistics

General Stats
  • This quiz has been taken 44 times
  • The average score is 17 of 26
Answer Stats
Year Song Artist % Correct
2012 Euphoria Loreen
97%
2023 Tattoo Loreen
97%
2025 Bara bada bastu KAJ
95%
2015 Heroes Måns Zelmerlöw
89%
2011 Popular Eric Saade
87%
2016 If I Were Sorry Frans
87%
2020 Move The Mamas
87%
2021 Voices Tusse
87%
2018 Dance You Off Benjamin Ingrosso
84%
2019 Too Late For Love John Lundvik
84%
2014 Undo Sanna Nielsen
84%
2017 I Can't Go On Robin Bengtsson
79%
2022 Hold Me Closer Cornelia Jakobs
74%
2006 Evighet Carola
71%
2000 När vindarna viskar mitt namn Roger Pontare
63%
2008 Hero CharlottePerrelli
61%
2013 You Robin Stjernberg
61%
2024 Unforgettable Marcus och Martinus
58%
2004 Det gör ont Lena Philipsson
50%
2007 The Worrying Kind The Ark
45%
2005 Las Vegas Martin Stenmarck
39%
2002 Never Let It Go Afro-Dite
37%
2001 Lyssna till ditt hjärta Friends
37%
2009 La Voix Malena Ernman
34%
2003 Give Me You're Love Fame
29%
2010 This Is My Life Anna Bergerndahl
3%
No matching quizzes found
Score Distribution
Percent of People with Each Score
Percentile by Number Answered
Your Score History
You have not taken this quiz